/هندسة السيارات (Record no. 6461)
[ view plain ]
| 000 -LEADER | |
|---|---|
| fixed length control field | 01363nac a22002531u 4500 |
| 008 - FIXED-LENGTH DATA ELEMENTS--GENERAL INFORMATION | |
| fixed length control field | 110116t xxu||||| |||| 00| 0 eng d |
| 082 ## - DEWEY DECIMAL CLASSIFICATION NUMBER | |
| Classification number | 629.22203 |
| Item number | ه ن د |
| 100 ## - MAIN ENTRY--PERSONAL NAME | |
| Personal name | 20080729 |
| 9 (RLIN) | 21995 |
| 245 ## - TITLE STATEMENT | |
| Title | /هندسة السيارات |
| Statement of responsibility, etc | تصنيف محمد عبد المجيد نصار؛ مراجعة أنور محمود عبد الواحد ؛ تقديم حسن مرعي |
| 246 ## - VARYING FORM OF TITLE | |
| Title proper/short title | Technical Dictionary : |
| Remainder of title | Automotive Engineering |
| 246 ## - VARYING FORM OF TITLE | |
| Title proper/short title | Dictionnaire Technique : |
| Remainder of title | Technique Automobile |
| 246 ## - VARYING FORM OF TITLE | |
| Title proper/short title | Technisches Worterbuch : |
| Remainder of title | Kraftfahrzeugtechnik |
| 260 ## - PUBLICATION, DISTRIBUTION, ETC. (IMPRINT) | |
| Place of publication, distribution, etc | القاهرة : |
| Name of publisher, distributor, etc | الأهرام ،1978 |
| Date of publication, distribution, etc | 1978. |
| 300 ## - PHYSICAL DESCRIPTION | |
| Extent | 1 مج (ترقيم متعدد) : |
| Other physical details | أيض ؛ |
| Dimensions | 20سم |
| 490 ## - Series Statement | |
| -- | 21987 |
| Series statement | المعاجم التكنولوجية التخصصية |
| 500 ## - GENERAL NOTE | |
| General note | عربي مع التعاريف ،إنجليزي ، فرنسي، ألماني |
| 650 ## - SUBJECT ADDED ENTRY--TOPICAL TERM | |
| Topical term or geographic name as entry element | هندسة السيارات |
| 9 (RLIN) | 21909 |
| 650 ## - SUBJECT ADDED ENTRY--TOPICAL TERM | |
| Topical term or geographic name as entry element | السيارات |
| 9 (RLIN) | 21994 |
| 700 ## - ADDED ENTRY--PERSONAL NAME | |
| Personal name | عبد الواحد ، أنور محمود |
| 9 (RLIN) | 21593 |
| 700 ## - ADDED ENTRY--PERSONAL NAME | |
| Personal name | نصار ، محمد عبد المجيد |
| 9 (RLIN) | 21998 |
| 700 ## - ADDED ENTRY--PERSONAL NAME | |
| Personal name | مرعي ، حسن |
| 9 (RLIN) | 22000 |
| 942 ## - ADDED ENTRY ELEMENTS (KOHA) | |
| Item type | Book - Borrowing |
| Call number prefix | 629.22203 ه ن د |
| Source of classification or shelving scheme | Dewey Decimal Classification |
| Withdrawn status | Item status | Source of classification or shelving scheme | Damaged status | Not for loan | Vendor | Home library | Current library | Shelving location | Date acquired | Source of acquisition | Total Checkouts | Full call number | Barcode | Date last seen | Koha item type |
|---|---|---|---|---|---|---|---|---|---|---|---|---|---|---|---|
| Dewey Decimal Classification | مكتبة الاسكندرية | Central Library | Central Library | First floor | 25/11/2007 | Donation | 629.22203 ه ن د | 000007942 | 15/07/2025 | Book - Borrowing |